000 01316nam a22003374a 4500
001 ebr10211305
003 CaPaEBR
006 m u
007 cr cn|||||||||
008 050914s2006 enka sb 001 0 eng
010 _z 2005026816
020 _z0754643263 (alk. paper)
040 _aCaPaEBR
_cCaPaEBR
035 _a(OCoLC)320323263
050 1 4 _aHF5415.32
_b.M37 2006eb
082 0 4 _a658.8/02
_222
245 0 0 _aMarketing and multicultural diversity
_h[electronic resource] /
_cedited by C.P. Rao.
260 _aAldershot, England :
_aBurlington, VT :
_bAshgate,
_cc2006.
300 _axii, 275 p. :
_bill.
490 1 _aNew perspectives in marketing
504 _aIncludes bibliographical references (p. [265]-268) and index.
533 _aElectronic reproduction.
_bPalo Alto, Calif. :
_cebrary,
_d2013.
_nAvailable via World Wide Web.
_nAccess may be limited to ebrary affiliated libraries.
650 0 _aConsumer behavior.
650 0 _aMarket segmentation.
650 0 _aMarketing
_xSocial aspects.
655 7 _aElectronic books.
_2local
700 1 _aRao, C. P.
710 2 _aebrary, Inc.
830 0 _aNew perspectives in marketing series.
856 4 0 _uhttp://site.ebrary.com/lib/rucke/Doc?id=10211305
_zAn electronic book accessible through the World Wide Web; click to view
999 _c124755
_d124755